Loading...
| Science - Other Science | 0 | 4 | 0 | 1 | 40 | 102 | 108.25 | 0 | 1 |
| Science - Physics | 0 | 4 | 0 | 1 | 40 | 51 | 99.75 | 0 | 1 |
| Fine Arts - Classical Music | 0 | 2 | 0 | 2 | 20 | 122 | 125.00 | 0 | 0 |
| History - European History | 0 | 2 | 0 | 0 | 20 | 98 | 106.00 | 0 | 0 |
| History - World History | 0 | 2 | 0 | 1 | 20 | 78 | 101.00 | 0 | 0 |
| Literature - British Literature | 0 | 2 | 0 | 0 | 20 | 92 | 102.00 | 0 | 0 |
| Fine Arts - Other Fine Arts | 0 | 1 | 0 | 0 | 10 | 128 | 128.00 | 0 | 0 |
| History - American History | 0 | 1 | 0 | 0 | 10 | 103 | 103.00 | 0 | 0 |
| Geography/Current Events | 0 | 1 | 0 | 0 | 10 | 107 | 107.00 | 0 | 0 |
| Social Science | 0 | 1 | 0 | 1 | 10 | 132 | 132.00 | 0 | 0 |
| Literature - European Literature | 0 | 1 | 0 | 1 | 10 | 136 | 136.00 | 0 | 0 |
| Mythology | 0 | 1 | 0 | 0 | 10 | 105 | 105.00 | 0 | 0 |
| Philosophy | 0 | 1 | 0 | 0 | 10 | 121 | 121.00 | 0 | 0 |
| Religion | 0 | 1 | 0 | 0 | 10 | 142 | 142.00 | 0 | 0 |
| Science - Biology | 0 | 1 | 0 | 0 | 10 | 82 | 82.00 | 0 | 0 |
| Literature - American Literature | 0 | 0 | 0 | 0 | 0 | 0.00 | 0 | 0 | |
| History - Other History | 0 | 0 | 1 | 0 | -5 | 0.00 | 0 | 0 |